Policing and prisons in the middle east : (Record no. 14769)
[ view plain ]
| 000 -LEADER | |
|---|---|
| fixed length control field | 01526nam a2200229 a 4500 |
| 001 - CONTROL NUMBER | |
| control field | ASIN1849040583 |
| 003 - CONTROL NUMBER IDENTIFIER | |
| control field | OSt |
| 005 - DATE AND TIME OF LATEST TRANSACTION | |
| control field | 20170105102904.0 |
| 008 - FIXED-LENGTH DATA ELEMENTS--GENERAL INFORMATION | |
| fixed length control field | 131021s2010 xxu eng d |
| 020 ## - INTERNATIONAL STANDARD BOOK NUMBER | |
| International Standard Book Number | 1849040583 (paperback) |
| 020 ## - INTERNATIONAL STANDARD BOOK NUMBER | |
| International Standard Book Number | 9781849040587 (paperback) |
| 040 ## - CATALOGING SOURCE | |
| Original cataloging agency | 0 |
| 082 ## - DEWEY DECIMAL CLASSIFICATION NUMBER | |
| Classification number | 363.230956 |
| Author Mark | POL 2010 |
| 245 10 - TITLE STATEMENT | |
| Title | Policing and prisons in the middle east : |
| Remainder of title | formations of coercion / |
| Statement of responsibility, etc. | Laleh Khalili, Jillian Schwedler. |
| 260 ## - PUBLICATION, DISTRIBUTION, ETC. | |
| Place of publication, distribution, etc. | [S.l.] : |
| Name of publisher, distributor, etc. | C Hurst & Co Publishers Ltd, |
| Date of publication, distribution, etc. | 2010. |
| 300 ## - PHYSICAL DESCRIPTION | |
| Extent | 352 p. ; |
| Dimensions | 22 cm. |
| 520 ## - SUMMARY, ETC. | |
| Summary, etc. | The emergence of the modern Middle East has been accompanied by a concentration of coercive power in the state. Although the region has encompassed numerous Mukhabarat (secret police) states, extensive policing and carceral regimes, and widespread use of torture and spectacular punishments, and although its prisons and policing practices are regularly condemned by human rights organisations, surprisingly few analyses explore the emergence of these grim institutions. This volume is the first to examine systematically practices of policing and incarceration in the modern Middle East, the emergence of modern policing and prisons and their continued predominance. It offers a useful lens through which the complexity of state power and the contours of popular contentious politics can be read. |
| 700 1# - ADDED ENTRY--PERSONAL NAME | |
| Personal name | Khalili, Laleh. |
| 700 1# - ADDED ENTRY--PERSONAL NAME | |
| Personal name | Schwedler, Jillian. |
| 856 40 - ELECTRONIC LOCATION AND ACCESS | |
| Materials specified | Amazon.com |
| Uniform Resource Identifier | <a href="http://www.amazon.com/exec/obidos/ASIN/1849040583/chopaconline-20">http://www.amazon.com/exec/obidos/ASIN/1849040583/chopaconline-20</a> |
| 942 ## - ADDED ENTRY ELEMENTS (KOHA) | |
| Source of classification or shelving scheme | |
| Koha item type | Book |
| Withdrawn status | Lost status | Damaged status | Not for loan | Collection code | Permanent Location | Current Location | Shelving location | Date acquired | Total Checkouts | Full call number | Barcode | Date last seen | Price effective from | Koha item type |
|---|---|---|---|---|---|---|---|---|---|---|---|---|---|---|
| Centre for International Peace & Stability (CIPS) | Centre for International Peace & Stability (CIPS) | General Stacks | 09/10/2013 | 363.230956 POL 2010 | CIPS0000938 | 10/21/2013 | 10/21/2013 | Book |
